Not a licence to kill: police needs paradigm-shift (Record no. 388491)

000 -LEADER
fixed length control field 00451cam a22001577a 4500
008 - FIXED-LENGTH DATA ELEMENTS--GENERAL INFORMATION
fixed length control field 180718b1999 xxu||||| |||| 00| 0 eng d
020 ## - INTERNATIONAL STANDARD BOOK NUMBER
International Standard Book Number 8122005438
082 ## - DEWEY DECIMAL CLASSIFICATION NUMBER
Classification number N400 Sh42
100 ## - MAIN ENTRY--PERSONAL NAME
Personal name Shekhar, Rajendra
245 ## - TITLE STATEMENT
Title Not a licence to kill: police needs paradigm-shift
Statement of responsibility, etc. by Rajendra Shekhar
260 ## - PUBLICATION, DISTRIBUTION, ETC.
Place of publication, distribution, etc. Delhi
Name of publisher, distributor, etc. Konark
Date of publication, distribution, etc. 1999
300 ## - PHYSICAL DESCRIPTION
Extent 298p.
650 ## - SUBJECT ADDED ENTRY--TOPICAL TERM
Topical term or geographic name entry element Police administration
650 ## - SUBJECT ADDED ENTRY--TOPICAL TERM
Topical term or geographic name entry element Police - Management
650 ## - SUBJECT ADDED ENTRY--TOPICAL TERM
Topical term or geographic name entry element Police - Attitudes
Holdings
Withdrawn status Lost status Damaged status Not for loan Permanent Location Current Location Date acquired Full call number Barcode Date last seen Price effective from Koha item type
        Indian Institute of Public Administration Indian Institute of Public Administration 1999-02-18 N400 Sh42 73928 2018-07-21 2018-07-21 Book

Powered by Koha